Las ciudades más grandes de América del Sur - Estadísticas

Estadísticas generales
  • Esta prueba ha sido intentada 82 veces
  • La puntuación promedio es 8 de 10
Estadísticas de respuestas
Población Ciudad % Correcto
15 Buenos Aires
100%
13.4 Río de Janeiro
99%
10.6 Bogotá
97%
10.4 Lima
97%
6.7 Santiago
95%
21.7 São Paulo
95%
4.5 Brasilia
75%
6 Belo Horizonte
49%
4 Recife
42%
4 Fortaleza
37%
No se encontraron pruebas coincidentes
Distribución de puntuación
Porcentaje de gente con cada puntuación
Porcentaje por número respondido
Historial de tus puntuaciones
No has intentado esta prueba.